[Event "4NCL 2024-25"]
[Site "England ENG"]
[Date "2025.02.15"]
[Round "5.48"]
[White "Cooke, Suzie G."]
[Black "Pert, Nina"]
[Result "1-0"]
[WhiteTitle "WFM"]
[BlackTitle "WCM"]
[WhiteElo "1957"]
[BlackElo "1992"]
[WhiteTeam "Alba"]
[BlackTeam "Cheddleton Savills Catering"]
[WhiteFideId "414930"]
[BlackFideId "456853"]
[EventDate "2024.11.23"]

1. d4 e6 2. Bf4 f5 3. e3 Nf6 4. Nf3 b6 5. h3 Bb7 6. Be2 Be7 7. O-O O-O 8. Bh2 c5
9. c4 Ne4 10. Nc3 d6 11. Nxe4 fxe4 12. Nd2 d5 13. Bg4 Bc8 14. dxc5 Bxc5 15. a3
Nc6 16. b4 Be7 17. Rc1 Rf6 18. b5 Na5 19. Be5 Rf8 20. Rc3 Bf6 21. Bxf6 Qxf6 22.
Qc2 Bd7 23. cxd5 Bxb5 24. Nxe4 Qe5 25. Bxe6+ Kh8 26. Rc1 h6 27. f4 Qh5 28. Nd6
Be8 29. Rc7 b5 30. Nxe8 Raxe8 31. Qc3 Rf6 32. Qxa5 Qe2 33. Qe1 Qb2 34. Rxa7 Rg6
35. g4 Rf6 36. Rcc7 Rfxe6 37. dxe6 Rxe6 38. Qc1 Qf6 39. Ra8+ Kh7 40. Qc2+ 1-0

[Event "4NCL 2024-25"]
[Site "England ENG"]
[Date "2025.02.15"]
[Round "5.51"]
[White "Camacho Collados, Marcos"]
[Black "Kovchan, Alexander"]
[Result "1/2-1/2"]
[WhiteTitle "IM"]
[BlackTitle "GM"]
[WhiteElo "2468"]
[BlackElo "2433"]
[WhiteTeam "Chessable White Rose 1"]
[BlackTeam "Barnet Knights A"]
[WhiteFideId "2266237"]
[BlackFideId "14103052"]
[EventDate "2024.11.23"]

1. e4 c5 2. Nc3 d6 3. Bb5+ Bd7 4. Bxd7+ Qxd7 5. f4 g6 6. Nf3 Bg7 7. O-O Nc6 8.
d3 Nf6 9. Qe1 Nd4 10. Nxd4 cxd4 11. Ne2 Qa4 12. e5 dxe5 13. fxe5 Ng4 14. e6 f5
15. h3 Ne3 16. Bxe3 dxe3 17. c3 Qc2 18. Nf4 Qxb2 19. Nd5 Rd8 20. Rb1 Qd2 21. c4
Qxd3 22. Rd1 Qxc4 23. Qb4 Qxd5 24. Rxd5 Rxd5 25. Qxb7 Rd8 26. Qc6+ Kf8 27. Qc7
Re8 28. Rb1 Bf6 29. Rb8 Rxb8 30. Qxb8+ Kg7 31. Qc7 g5 32. Kf1 Kg6 33. Ke2 f4 34.
Qc2+ Kg7 35. Qc7 a5 36. a4 Ra8 37. h4 Ra6 38. hxg5 Bxg5 39. Qe5+ Kg6 40. Qe4+
Kg7 41. Qe5+ Kg6 42. Qe4+ Kh6 43. Kf3 Rd6 44. Qf5 Rd2 45. Qf8+ Kg6 46. Qg8+ Kh6
47. Qf8+ Kg6 48. Qg8+ 1/2-1/2

[Event "4NCL 2024-25"]
[Site "England ENG"]
[Date "2025.02.15"]
[Round "5.56"]
[White "Villiers, Thomas"]
[Black "Wall, Tim P"]
[Result "1/2-1/2"]
[WhiteTitle "CM"]
[BlackTitle "FM"]
[WhiteElo "2154"]
[BlackElo "2150"]
[WhiteTeam "Barnet Knights A"]
[BlackTeam "Chessable White Rose 1"]
[WhiteFideId "427209"]
[BlackFideId "401641"]
[EventDate "2024.11.23"]

1. d4 d5 2. Nf3 Bf5 3. c4 e6 4. Nc3 Nc6 5. Qa4 Bb4 6. a3 Bxc3+ 7. bxc3 Nf6 8.
Ne5 O-O 9. Nxc6 Qd7 10. f3 bxc6 11. g4 Bg6 12. h4 h5 13. g5 Ne8 14. c5 Bf5 15.
Bf4 f6 16. e3 a5 17. Rh2 Rf7 18. O-O-O Re7 19. gxf6 gxf6 20. Rg2+ Kh7 21. Qb3
Qc8 22. Bd3 Bxd3 23. Rxd3 e5 24. dxe5 fxe5 25. Qc2 Kh8 26. Rxd5 cxd5 27. Qg6 Ng7
28. Bxe5 Qf8 29. Qxh5+ Kg8 30. Bxg7 Rxg7 31. Qxd5+ Kh8 32. Qh5+ 1/2-1/2

[Event "4NCL 2024-25"]
[Site "England ENG"]
[Date "2025.02.15"]
[Round "5.61"]
[White "Larkin, Vladyslav"]
[Black "Harvey, Marcus R"]
[Result "1/2-1/2"]
[WhiteTitle "IM"]
[BlackTitle "IM"]
[WhiteElo "2449"]
[BlackElo "2474"]
[WhiteTeam "CSC/Kingston 1"]
[BlackTeam "Wood Green"]
[WhiteFideId "14152894"]
[BlackFideId "400092"]
[EventDate "2024.11.23"]

1. c4 c5 2. Nc3 d6 3. g3 Nc6 4. Bg2 h5 5. Nf3 Bd7 6. h3 g6 7. e3 Bg7 8. d4 b6 9.
b3 Nh6 10. Bb2 Nf5 11. dxc5 bxc5 12. O-O Qa5 13. Qc1 Rb8 14. Nd5 Kf8 15. Rd1 Be8
16. Bxg7+ Kxg7 17. Qb2+ f6 18. g4 hxg4 19. hxg4 Nh4 20. Nxh4 Rxh4 21. g5 Qd8 22.
gxf6+ exf6 23. Qxf6+ Qxf6 24. Nxf6 Kxf6 25. Bxc6 Bxc6 26. Rxd6+ Ke5 27. Rxc6
Rbh8 28. f4+ Ke4 29. Re6+ Kf3 30. Rf1+ Ke2 31. Rf2+ Ke1 32. Rf1+ Ke2 33. Rf2+
Ke1 1/2-1/2

[Event "4NCL 2024-25"]
[Site "England ENG"]
[Date "2025.02.15"]
[Round "5.62"]
[White "Wadsworth, Matthew J"]
[Black "Bottazzi, Ulysse"]
[Result "1-0"]
[WhiteTitle "IM"]
[BlackTitle "FM"]
[WhiteElo "2500"]
[BlackElo "2329"]
[WhiteTeam "Wood Green"]
[BlackTeam "CSC/Kingston 1"]
[WhiteFideId "415804"]
[BlackFideId "45102988"]
[EventDate "2024.11.23"]

1. Nf3 Nf6 2. c4 g6 3. Nc3 Bg7 4. e4 d6 5. d4 O-O 6. Be2 e5 7. O-O h6 8. Re1 a5
9. Bf1 Na6 10. h3 exd4 11. Nxd4 Re8 12. Ndb5 b6 13. Bf4 Bb7 14. f3 Nh5 15. Be3
Be5 16. Ne2 Bxb2 17. Bxh6 Bxa1 18. Qxa1 Qf6 19. Qc1 c6 20. Bg5 Qe5 21. Nbc3 d5
22. Be3 Nc5 23. Bd4 Qe7 24. Qh6 f6 25. Qxg6+ Ng7 26. cxd5 cxd5 27. Nf4 Qf7 28.
Qh6 Nf5 29. exf5 Rxe1 30. Bxf6 Qh7 31. Qg5+ Kf8 32. Kf2 Ree8 33. Bb5 Ba6 34. Bc6
Nd3+ 35. Nxd3 Bxd3 36. Bd4 Rad8 37. Qf6+ Kg8 38. g4 Bc4 39. Bxe8 Rxe8 40. a4 Rf8
41. Qg5+ Kf7 42. h4 Ke8 43. h5 Qc7 44. Qe3+ Qe7 45. Bxb6 Qxe3+ 46. Kxe3 1-0

[Event "4NCL 2024-25"]
[Site "England ENG"]
[Date "2025.02.15"]
[Round "5.63"]
[White "Maycock Bates, David Henry"]
[Black "Murphy, Conor E"]
[Result "1/2-1/2"]
[WhiteTitle "CM"]
[BlackTitle "IM"]
[WhiteElo "2288"]
[BlackElo "2439"]
[WhiteTeam "CSC/Kingston 1"]
[BlackTeam "Wood Green"]
[WhiteFideId "5142547"]
[BlackFideId "421669"]
[EventDate "2024.11.23"]

1. e4 e5 2. Nf3 Nc6 3. Bb5 a6 4. Ba4 Nf6 5. O-O Be7 6. Re1 b5 7. Bb3 O-O 8. a4
Bb7 9. d3 d6 10. Bd2 Qd7 11. Nc3 Na5 12. Ba2 b4 13. Ne2 c5 14. c3 bxc3 15. Bxc3
Nc6 16. a5 Bd8 17. Bc4 Rb8 18. Ng3 Bc8 19. Nf5 g6 20. Ne3 Nd4 21. b4 Bc7 22.
bxc5 dxc5 23. Nd5 Nxd5 24. Bxd5 Qe7 25. Nd2 Qg5 26. Kh1 Bg4 27. f3 Be6 28. Bxd4
exd4 29. Bxe6 fxe6 30. Nc4 Qh4 31. e5 Rf5 32. Re4 Qg5 33. g3 Qd8 34. Kg2 Rb5 35.
Qe1 Qb8 36. f4 Rb3 37. Qe2 Qb4 38. Ra2 Qc3 39. Nd2 Rb5 40. Nc4 Rb1 41. Qd2 Qb3
42. Qc2 Rf7 43. Nd2 Qxc2 44. Rxc2 Rb5 45. Nc4 Rd7 46. Ree2 Rd8 47. Kf3 Kf8 48.
Ke4 Ke7 49. h4 h5 50. Rg2 Rh8 51. Ra2 Rb1 52. Rab2 Rb8 53. Rxb8 Rxb8 54. g4 hxg4
55. Rxg4 Kf7 56. Rg1 Rh8 57. Rb1 Ke7 58. Rg1 Rh6 59. h5 gxh5 60. Rg7+ Kd8 61. f5
exf5+ 62. Kxf5 h4 63. e6 h3 64. Rg8+ Ke7 65. Rg7+ Kd8 66. Rg8+ Ke7 67. Rg7+ Kd8
68. Nb6 h2 69. Nc4 1/2-1/2

[Event "4NCL 2024-25"]
[Site "England ENG"]
[Date "2025.02.15"]
[Round "5.64"]
[White "Speelman, Jon S"]
[Black "Bezuidenhout, Roland"]
[Result "1/2-1/2"]
[WhiteTitle "GM"]
[BlackTitle "FM"]
[WhiteElo "2492"]
[BlackElo "2311"]
[WhiteTeam "Wood Green"]
[BlackTeam "CSC/Kingston 1"]
[WhiteFideId "400033"]
[BlackFideId "14304562"]
[EventDate "2024.11.23"]

1. Nf3 c5 2. c4 Nf6 3. Nc3 Nc6 4. d4 cxd4 5. Nxd4 e6 6. a3 d5 7. cxd5 exd5 8.
Bg5 Bc5 9. e3 Nxd4 10. exd4 Be7 11. Bd3 O-O 12. O-O h6 13. Bh4 Be6 14. Re1 Kh8
15. Bc2 Bd6 16. Qd3 g5 17. Bg3 Bxg3 18. hxg3 Re8 19. Re5 Rc8 20. Rae1 Rg8 21.
Bb1 Rc6 22. Qf3 Kg7 23. Bf5 Re8 24. Bc2 Rc4 25. Qd3 Qb6 26. Nxd5 Bxd5 27. Rxe8
Qxb2 28. R8e2 Rxd4 29. Qf5 Qb6 30. Re7 Kf8 31. Qc8+ Kg7 32. Qc7 Qxc7 33. Rxc7
Rd2 34. Rd1 Re2 35. g4 Nxg4 36. Bf5 Nf6 37. Rb1 Bc6 38. Bd3 Rd2 39. Bc4 Nd5 40.
Rcxb7 Bxb7 41. Rxb7 Rd4 42. Bxd5 1/2-1/2

[Event "4NCL 2024-25"]
[Site "England ENG"]
[Date "2025.02.15"]
[Round "5.68"]
[White "Toma, Katarzyna"]
[Black "Patel, Zain"]
[Result "1/2-1/2"]
[WhiteTitle "WGM"]
[WhiteElo "2168"]
[BlackElo "2079"]
[WhiteTeam "Wood Green"]
[BlackTeam "CSC/Kingston 1"]
[WhiteFideId "1119907"]
[BlackFideId "469246"]
[EventDate "2024.11.23"]

1. e4 e5 2. Nf3 Nc6 3. Bb5 Nge7 4. c3 d5 5. Nxe5 dxe4 6. Qe2 Qd5 7. Nxc6 Nxc6 8.
O-O Be6 9. Re1 O-O-O 10. a4 Na5 11. Na3 c6 12. b4 cxb5 13. bxa5 bxa4 14. a6 b6
15. Nb5 Bd7 16. c4 Bxb5 17. cxb5 f5 18. Rxa4 Qd3 19. Rc4+ Bc5 20. Rc3 Qxe2 21.
Rxe2 Rd4 22. g3 Rb4 23. Ba3 Rxb5 24. d4 exd3 25. Rxd3 Rd8 26. Rc3 Kd7 27. Rd2+
Kc7 28. Re2 g6 29. Kg2 Ra5 30. Bb4 Rxa6 31. Bxc5 bxc5 32. Rxc5+ Rc6 33. Ra5 a6
34. h4 Rd7 35. Rb2 Rd4 36. h5 f4 37. hxg6 hxg6 38. Rba2 Kb7 39. Rb2+ Rb6 40. Re2
fxg3 41. fxg3 Rb5 42. Ra3 Rbd5 43. Rb2+ Ka7 44. Rbb3 g5 45. Re3 g4 46. Re7+ Rd7
47. Re6 Rd2+ 48. Kf1 Rd1+ 49. Ke2 R7d2+ 50. Ke3 Re1+ 51. Kxd2 Rxe6 52. Ra4 Rg6
53. Kc3 Rg5 54. Rf4 Kb6 55. Kb4 a5+ 56. Ka4 Kc6 57. Rc4+ Kd5 58. Rf4 Ke6 59. Ka3
Kd6 60. Ka4 Kc6 61. Rc4+ 1/2-1/2

[Event "4NCL 2024-25"]
[Site "England ENG"]
[Date "2025.02.16"]
[Round "6.31"]
[White "Gormally, Daniel W"]
[Black "Panjwani, Raja"]
[Result "0-1"]
[WhiteTitle "GM"]
[BlackTitle "IM"]
[WhiteElo "2428"]
[BlackElo "2443"]
[WhiteTeam "Blackthorne"]
[BlackTeam "Barbican 4NCL"]
[WhiteFideId "406465"]
[BlackFideId "2604493"]
[EventDate "2024.11.23"]

1. d4 Nf6 2. c4 g6 3. Nc3 Bg7 4. e4 d6 5. Bd3 O-O 6. Nge2 Nc6 7. O-O Nd7 8. Bc2
e5 9. d5 Nb4 10. Bb1 a5 11. a3 Na6 12. Be3 Nb6 13. b3 Bd7 14. Ba2 f5 15. exf5
gxf5 16. f4 e4 17. Bd4 Qe7 18. Qd2 Kh8 19. Qe3 Nc5 20. Rad1 Rfe8 21. Ng3 Bxd4
22. Rxd4 Qf7 23. Nd1 Rg8 24. Rd2 Rg7 25. Qc3 Rg8 26. Ne3 h5 27. Nh1 Kh7 28. Nf2
Qe7 29. b4 axb4 30. axb4 Nba4 31. Qa3 Na6 32. Nh3 Qf6 33. Ng5+ Rxg5 34. fxg5
Qxg5 35. Rdf2 Nxb4 36. Rxf5 Bxf5 37. Rxf5 Nc2 38. Rxg5 Nxa3 39. Rxh5+ Kg6 40.
Rh4 Re8 41. Bb3 Nb2 42. Rf4 b5 43. cxb5 Nxb5 44. Bc2 Nc3 45. Rf1 Nd3 46. h4 Rh8
47. g3 Rb8 48. g4 Rh8 49. h5+ Kg5 50. Rf5+ Kh4 51. Kh2 Ne1 52. Bb3 Nf3+ 53. Kg2
Nd4 54. Rf7 Nxb3 55. Rg7 Nd4 56. Kh2 Nf3+ 57. Kg2 Nd4 58. Kh2 Nf3+ 59. Kg2 Ng5
60. Rxc7 Ne2 61. Rd7 Nf4+ 62. Kf2 Rb8 63. Nc4 Kxg4 64. h6 Nxd5 65. Rxd6 Nh3+ 66.
Ke2 Nhf4+ 67. Kd2 Re8 68. Ne3+ Nxe3 69. Kxe3 Ng2+ 70. Ke2 e3 71. Rg6+ Kh3 72.
Rf6 Re7 73. Rf8 Kh4 74. Rf1 Kg3 75. Rg1 Rd7 0-1

[Event "4NCL 2024-25"]
[Site "England ENG"]
[Date "2025.02.16"]
[Round "6.38"]
[White "Regan, Natasha K"]
[Black "Ledger, Stephen C"]
[Result "0-1"]
[WhiteTitle "WIM"]
[WhiteElo "2056"]
[BlackElo "2018"]
[WhiteTeam "Barbican 4NCL"]
[BlackTeam "Blackthorne"]
[WhiteFideId "403067"]
[BlackFideId "404470"]
[EventDate "2024.11.23"]

1. Nf3 d5 2. c4 d4 3. b4 f6 4. e3 e5 5. c5 a5 6. Qa4+ Bd7 7. b5 Bxc5 8. Bc4 Ne7
9. exd4 exd4 10. Ba3 Na6 11. O-O Nb4 12. Re1 Bg4 13. Qb3 Qd6 14. Bf7+ Kf8 15.
Qc4 Bxf3 16. gxf3 b6 17. Bb2 Rd8 18. Bh5 Qd5 19. Qxd5 Nexd5 20. Na3 Nd3 21. Nc4
Nxe1 22. Rxe1 Nf4 23. Bg4 g6 24. Re4 Nd3 25. Re6 f5 26. Bh3 Nxb2 27. Nxb2 Rd6
28. Re5 Kf7 29. Nc4 Re6 30. Rd5 Rhe8 31. Bf1 Re1 32. Rd7+ R8e7 33. Rd8 Rc1 34.
Kg2 Rc2 35. f4 Kg7 36. a4 Ra2 37. Ne5 Bd6 38. Bc4 Rxd2 39. Rg8+ Kh6 40. Nf7+
Rxf7 41. Bxf7 Bxf4 42. Rc8 Bd6 43. h4 Re2 44. Kf3 Re4 0-1

[Event "4NCL 2024-25"]
[Site "England ENG"]
[Date "2025.02.16"]
[Round "6.48"]
[White "Morea, Georgiana-Steluta"]
[Black "Cooke, Suzie G."]
[Result "1/2-1/2"]
[BlackTitle "WFM"]
[WhiteElo "1940"]
[BlackElo "1957"]
[WhiteTeam "The Sharks 2"]
[BlackTeam "Alba"]
[WhiteFideId "1204319"]
[BlackFideId "414930"]
[EventDate "2024.11.23"]

1. d4 e6 2. c4 d5 3. Nf3 c5 4. cxd5 exd5 5. g3 Nc6 6. Bg2 Nf6 7. O-O h6 8. a3 c4
9. Nc3 Bf5 10. Ne5 Be7 11. Nxd5 Nxd5 12. e4 Be6 13. exd5 Bxd5 14. Nxc6 bxc6 15.
Qg4 Bf6 16. Re1+ Kf8 17. Bd2 Bxg2 18. Bb4+ Kg8 19. Kxg2 Qxd4 1/2-1/2

[Event "4NCL 2024-25"]
[Site "England ENG"]
[Date "2025.02.16"]
[Round "6.58"]
[White "Stewart, Ashley"]
[Black "Villiers, Thomas"]
[Result "1-0"]
[BlackTitle "CM"]
[WhiteElo "2093"]
[BlackElo "2154"]
[WhiteTeam "CSC/Kingston 1"]
[BlackTeam "Barnet Knights A"]
[WhiteFideId "419001"]
[BlackFideId "427209"]
[EventDate "2024.11.23"]

1. c4 e5 2. g3 Nc6 3. Nc3 f5 4. Bg2 Nf6 5. e3 e4 6. d3 Bb4 7. Ne2 O-O 8. O-O d6
9. dxe4 fxe4 10. Nxe4 Bg4 11. a3 Ba5 12. b4 Nxe4 13. Bxe4 Qf6 14. Rb1 Bb6 15.
Bb2 Qh6 16. Qd5+ Be6 17. Qxe6+ Qxe6 18. Bd5 Qxd5 19. cxd5 Ne5 20. Bxe5 dxe5 21.
Nc3 Rad8 22. Rbd1 Rf7 23. Rd2 Rfd7 24. Rfd1 Kf7 25. Kf1 Ke7 26. Ke2 a6 27. Ne4
h6 28. g4 a5 29. b5 Rf8 30. a4 g6 31. h4 Rfd8 32. Ng3 Bc5 33. h5 Kf7 34. hxg6+
Kxg6 35. e4 Rh7 36. Rh1 Be7 37. Nf5 Bg5 38. Rd3 Rf8 39. d6 cxd6 40. Rxd6+ Rf6
41. Rhd1 Bf4 42. Rxf6+ Kxf6 43. b6 Kg5 44. Kf3 h5 45. gxh5 Rxh5 46. Rd7 Rh3+ 47.
Ng3 Bxg3 48. fxg3 Rh1 49. Rxb7 Rb1 50. Rb8 Rb3+ 51. Ke2 Kg6 52. b7 Kg7 53. Kf2
Rb2+ 54. Kf3 Rb4 55. Kg2 Kh7 56. Kh3 Kg7 57. g4 Kg6 58. Rg8+ Kh6 59. b8=Q Rb7
60. Qd6+ Kh7 61. Qg6# 1-0

[Event "4NCL 2024-25"]
[Site "England ENG"]
[Date "2025.02.16"]
[Round "6.68"]
[White "Pert, Nina"]
[Black "Haydon, David L"]
[Result "0-1"]
[WhiteTitle "WCM"]
[BlackTitle "FM"]
[WhiteElo "1992"]
[BlackElo "2278"]
[WhiteTeam "Cheddleton Savills Catering"]
[BlackTeam "Wood Green"]
[WhiteFideId "456853"]
[BlackFideId "415405"]
[EventDate "2024.11.23"]

1. e4 e5 2. Nf3 Nc6 3. Bc4 Bc5 4. c3 Nf6 5. d4 exd4 6. cxd4 Bb4+ 7. Nbd2 Bxd2+
8. Bxd2 Nxe4 9. d5 Ne7 10. Qe2 Nxd2 11. Qxd2 d6 12. O-O-O O-O 13. h4 Ng6 14.
Rde1 Qf6 15. h5 Ne5 16. Nxe5 dxe5 17. h6 g6 18. Qe3 Re8 19. Re2 Bd7 20. g3 c6
21. Kb1 Bg4 22. Rd2 Bf3 23. Re1 Rad8 24. d6 a6 25. Qc3 g5 26. Qe3 Bh5 27. f4
Bg6+ 28. Kc1 Qf5 29. Bd3 gxf4 30. gxf4 Qxf4 31. d7 Re6 32. Bxg6 hxg6 33. h7+
Kxh7 34. Rh1+ Kg7 35. Qh3 Rd6 36. Qh7+ Kf6 37. Rh2 Rxd2 38. Rxd2 Rxd7 0-1

[Event "4NCL 2024-25"]
[Site "England ENG"]
[Date "2025.04.05"]
[Round "7.11"]
[White "Rendle, Thomas E"]
[Black "Harvey, Marcus R"]
[Result "0-1"]
[WhiteTitle "IM"]
[BlackTitle "IM"]
[WhiteElo "2378"]
[BlackElo "2474"]
[WhiteTeam "The Sharks 2"]
[BlackTeam "Wood Green"]
[WhiteFideId "408760"]
[BlackFideId "400092"]
[EventDate "2024.11.23"]

1. e4 e6 2. d4 d5 3. Nd2 Be7 4. Ngf3 Nf6 5. e5 Nfd7 6. Bd3 c5 7. c3 Nc6 8. O-O
a5 9. Re1 cxd4 10. cxd4 Qb6 11. Nb1 Nxd4 12. Nxd4 Qxd4 13. Nc3 Qb6 14. Be3 Qd8
15. Bd4 Nc5 16. Bc2 Bd7 17. Qg4 g6 18. h4 h5 19. Qf4 Bc6 20. Rad1 Nd7 21. g3 a4
22. Ne2 a3 23. b3 Bf8 24. Qf3 Nc5 25. b4 Ba4 26. Bxa4+ Nxa4 27. Qxa3 Bh6 28. Qd3
O-O 29. Kg2 Nb6 30. Ra1 Nc4 31. a4 Qc7 32. Nc3 Rfc8 33. Nb5 Qd7 34. Qf3 Bf8 35.
g4 Bxb4 36. Rh1 Kh7 37. gxh5 Rg8 38. Qd3 f5 39. exf6 e5 40. hxg6+ Rxg6+ 41. Kf1
Nd2+ 42. Ke2 Qg4+ 43. f3 Qg2+ 44. Bf2 e4 45. fxe4 Qg4+ 46. Ke1 Nxe4+ 0-1

[Event "4NCL 2024-25"]
[Site "England ENG"]
[Date "2025.04.05"]
[Round "7.12"]
[White "Speelman, Jon S"]
[Black "Bremner, Adam"]
[Result "1-0"]
[WhiteTitle "GM"]
[BlackTitle "CM"]
[WhiteElo "2492"]
[BlackElo "2140"]
[WhiteTeam "Wood Green"]
[BlackTeam "The Sharks 2"]
[WhiteFideId "400033"]
[BlackFideId "2400847"]
[EventDate "2024.11.23"]

1. d4 Nf6 2. c4 e6 3. g3 d5 4. Bg2 Be7 5. Nf3 O-O 6. O-O c6 7. b3 b6 8. Bb2 Bb7
9. Nc3 Nbd7 10. Qc2 Qc7 11. Rac1 Rac8 12. Rfd1 Rfd8 13. Qb1 Qb8 14. a4 Bb4 15.
Na2 Bf8 16. b4 dxc4 17. Rxc4 c5 18. dxc5 bxc5 19. b5 a6 20. bxa6 Bxa6 21. Rc2
Be7 22. Rcd2 Nb6 23. Be5 Qa7 24. Rxd8+ Bxd8 25. Nc3 h6 26. Nb5 Bxb5 27. axb5 Be7
28. Ba1 Nbd7 29. Ne5 Nxe5 30. Bxe5 Qb6 31. Bc6 Rd8 32. Rxd8+ Bxd8 33. Qa2 Qa5
34. Qc4 Bb6 35. e3 Qe1+ 36. Kg2 Qb1 37. Qa4 Nd5 38. Qa8+ Kh7 39. Bxd5 exd5 40.
Qxd5 Qxb5 41. Qxf7 Qc6+ 42. f3 Qg6 43. Qxg6+ Kxg6 44. e4 c4 45. Bc3 h5 46. f4
Kf7 47. Kf3 g6 48. h3 Ke6 49. g4 hxg4+ 50. hxg4 1-0

[Event "4NCL 2024-25"]
[Site "England ENG"]
[Date "2025.04.05"]
[Round "7.21"]
[White "Parker, Jonathan F"]
[Black "Lupulescu, Constantin"]
[Result "1/2-1/2"]
[WhiteTitle "GM"]
[BlackTitle "GM"]
[WhiteElo "2518"]
[BlackElo "2577"]
[WhiteTeam "Barbican 4NCL"]
[BlackTeam "Manx Liberty"]
[WhiteFideId "400580"]
[BlackFideId "1207822"]
[EventDate "2024.11.23"]

1. d4 Nf6 2. c4 e6 3. Nc3 Bb4 4. Nf3 b6 5. Bg5 h6 6. Bh4 g5 7. Bg3 Ne4 8. Qc2
Bb7 9. e3 d6 10. Bd3 Bxc3+ 11. bxc3 f5 12. d5 Nd7 13. Bxe4 fxe4 14. Qxe4 Qf6 15.
Qxe6+ Qxe6 16. dxe6 Nc5 17. O-O Bxf3 18. gxf3 Nxe6 19. Kg2 Rf8 20. Rad1 Kd7 21.
Rfe1 Kc6 22. Rd5 Rf7 23. e4 Raf8 24. Re3 Nf4+ 25. Bxf4 Rxf4 26. Kg3 R8f7 1/2-1/2

[Event "4NCL 2024-25"]
[Site "England ENG"]
[Date "2025.04.05"]
[Round "7.22"]
[White "Kantor, Gergely"]
[Black "Merry, Alan B"]
[Result "1-0"]
[WhiteTitle "GM"]
[BlackTitle "IM"]
[WhiteElo "2578"]
[BlackElo "2414"]
[WhiteTeam "Manx Liberty"]
[BlackTeam "Barbican 4NCL"]
[WhiteFideId "751499"]
[BlackFideId "418811"]
[EventDate "2024.11.23"]

1. d4 Nf6 2. c4 e6 3. Nf3 d5 4. Nc3 dxc4 5. e4 b5 6. e5 Nd5 7. Nxb5 Nb6 8. Be2
Nc6 9. Be3 Be7 10. a3 Rb8 11. Qc2 Na5 12. Nc3 Nd5 13. Bd2 Nb3 14. Rd1 Ba6 15.
O-O Qd7 16. Be3 h6 17. Ne4 Qc6 18. Ng3 Nxe3 19. fxe3 O-O 20. Nh5 Na5 21. b4 Nb3
22. Bd3 Bb5 23. Be4 Qb6 24. Qf2 Kh8 25. Qg3 Rg8 26. Nh4 Bxh4 27. Qxh4 Be8 28.
Rf6 g6 29. Qf4 1-0

[Event "4NCL 2024-25"]
[Site "England ENG"]
[Date "2025.04.05"]
[Round "7.23"]
[White "Panjwani, Raja"]
[Black "Royal, Shreyas"]
[Result "0-1"]
[WhiteTitle "IM"]
[BlackTitle "GM"]
[WhiteElo "2443"]
[BlackElo "2465"]
[WhiteTeam "Barbican 4NCL"]
[BlackTeam "Manx Liberty"]
[WhiteFideId "2604493"]
[BlackFideId "448869"]
[EventDate "2024.11.23"]

1. e4 e5 2. Nf3 Nc6 3. Bc4 Bc5 4. O-O Nf6 5. d3 d6 6. c3 a5 7. Re1 Ba7 8. Nbd2
O-O 9. h3 Be6 10. Bb5 Ne7 11. d4 Ng6 12. Nf1 c6 13. Bd3 Nh5 14. g3 Nf6 15. h4
Re8 16. Ne3 Qd7 17. Bc2 h6 18. dxe5 Nxe5 19. Nd4 Bh3 20. f3 d5 21. f4 Neg4 22.
e5 Ne4 23. Bxe4 dxe4 24. e6 Rxe6 25. Nxg4 Rg6 26. Ne5 Rxg3+ 27. Kh2 Rg2+ 28. Kh1
Qd8 29. Nf5 Qf6 30. Qh5 g6 31. Ng4 Qxf5 32. Nxh6+ Kf8 33. Qxf5 gxf5 34. Nxf5 Rc2
35. Ne3 Rf2 36. Nd1 Bg2+ 37. Kh2 Rc2 38. Ne3 Bxe3 39. Bxe3 Bf3+ 40. Kh3 Ke7 41.
Rg1 Rd8 42. Bd4 Rd5 43. Rg5 Rxg5 44. fxg5 Rxb2 45. c4 Rd2 46. Bf6+ Ke6 47. Rb1
Kf5 48. Rb2 e3 49. Kg3 e2 50. Kf2 Rd1 51. Bc3 Rf1+ 52. Kg3 Bh5 53. Bxa5 e1=R 54.
Bxe1 Rxe1 55. Rxb7 Rc1 56. Rb4 c5 57. Rb6 Rc3+ 0-1

[Event "4NCL 2024-25"]
[Site "England ENG"]
[Date "2025.04.05"]
[Round "7.24"]
[White "Jaracz, Pawel"]
[Black "Tayar, Jonathan"]
[Result "1-0"]
[WhiteTitle "GM"]
[BlackTitle "IM"]
[WhiteElo "2442"]
[BlackElo "2344"]
[WhiteTeam "Manx Liberty"]
[BlackTeam "Barbican 4NCL"]
[WhiteFideId "1102222"]
[BlackFideId "2606534"]
[EventDate "2024.11.23"]

1. e4 c5 2. c3 d5 3. exd5 Qxd5 4. d4 Nf6 5. Nf3 Bg4 6. dxc5 Qxc5 7. Na3 Nbd7 8.
Be3 Qc7 9. h3 Bh5 10. Nb5 Qb8 11. g4 Bg6 12. g5 Ne4 13. Nh4 a6 14. Nxg6 hxg6 15.
Qd5 Rh4 16. O-O-O Qc8 17. Rd4 e6 18. Rxe4 axb5 19. Bxb5 Rxe4 20. Qxe4 Rxa2 21.
Kb1 Ra5 22. Qd3 Bd6 23. Bb6 Rxb5 24. Qxb5 Ke7 25. Bd4 e5 26. Be3 Bc5 27. Qc4 b6
28. Rd1 Qb7 29. Qd5 Qc7 30. Re1 Qa7 31. Qc6 Bxe3 32. fxe3 Nc5 33. Rd1 Qb8 34. b4
Ne6 35. h4 Qa7 36. Qd6+ Ke8 37. Qxe5 Qa3 38. Qb8+ Ke7 39. Qd6+ Ke8 40. Qd7+ Kf8
41. Qc8+ 1-0

[Event "4NCL 2024-25"]
[Site "England ENG"]
[Date "2025.04.05"]
[Round "7.31"]
[White "Larkin, Vladyslav"]
[Black "Ghasi, Ameet K"]
[Result "1/2-1/2"]
[WhiteTitle "IM"]
[BlackTitle "GM"]
[WhiteElo "2449"]
[BlackElo "2502"]
[WhiteTeam "CSC/Kingston 1"]
[BlackTeam "The Sharks 1"]
[WhiteFideId "14152894"]
[BlackFideId "409200"]
[EventDate "2024.11.23"]

1. e4 g6 2. d4 Bg7 3. Nf3 d6 4. Bc4 e6 5. Qe2 Ne7 6. c3 Nd7 7. e5 a6 8. Bf4 b5
9. Bb3 dxe5 10. Nxe5 Nxe5 11. Bxe5 Bxe5 12. Qxe5 O-O 13. O-O Bb7 14. Nd2 Qd6 15.
Rfe1 Rfd8 16. Qf6 Nd5 17. Bxd5 Bxd5 18. Nf1 Qf8 19. Ne3 h5 20. a3 Bb7 21. Qg5
Rac8 22. b4 Bc6 23. f4 Kh7 24. Rf1 Rd6 25. Rae1 Qd8 26. g4 f6 27. Qh4 f5 28.
Qxd8 Rcxd8 29. gxh5 gxh5 30. Kf2 Rg8 31. Rg1 Rxg1 32. Rxg1 Be4 33. Ke2 a5 34.
Rg5 Kh6 35. Nf1 axb4 36. axb4 h4 37. Nd2 Bd5 38. Rg8 Kh7 39. Rc8 Rc6 40. Kd3 Kg7
41. Rb8 1/2-1/2

[Event "4NCL 2024-25"]
[Site "England ENG"]
[Date "2025.04.05"]
[Round "7.33"]
[White "Bezuidenhout, Roland"]
[Black "Fernandez, Daniel Howard"]
[Result "1-0"]
[WhiteTitle "FM"]
[BlackTitle "GM"]
[WhiteElo "2311"]
[BlackElo "2485"]
[WhiteTeam "CSC/Kingston 1"]
[BlackTeam "The Sharks 1"]
[WhiteFideId "14304562"]
[BlackFideId "5801605"]
[EventDate "2024.11.23"]

1. c4 Nf6 2. g3 c6 3. Nf3 g6 4. b3 d6 5. Bb2 e5 6. Nc3 Bg7 7. Bg2 O-O 8. O-O a6
9. Qc2 Re8 10. d3 Nbd7 11. e4 b5 12. Rad1 Qc7 13. Rfe1 Bh6 14. a3 Rb8 15. h3 c5
16. cxb5 axb5 17. b4 Ba6 18. Bc1 Bf8 19. Qb3 Rec8 20. Bd2 Qd8 21. Bf1 Qe8 22. h4
h6 23. Rc1 Kh7 24. Qa2 Nb6 25. Be3 cxb4 26. axb4 Na4 27. Bd2 Ra8 28. Bh3 Nxc3
29. Bxc3 Rc7 30. Bd2 Rxc1 31. Rxc1 d5 32. exd5 Bb7 33. Qb2 Bd6 34. Re1 Bxd5 35.
Nxe5 Ra2 36. Ng4 Nxg4 37. Qxa2 Qc6 38. Qb2 h5 39. Qd4 f6 40. Bxg4 hxg4 41. Qxf6 1-0